| 000 | 00556 a2200181 4500 | ||
|---|---|---|---|
| 001 | 066943 | ||
| 003 | OSt | ||
| 005 | 20211022114330.0 | ||
| 008 | |||
| 082 |
_a658.3008 _bG22G |
||
| 100 | 1 | _aGatrell, Caroline | |
| 245 | 1 |
_aGender and diversity in management _cby Caroline Gatrell and Elaine Swan |
|
| 260 |
_aLondon _bSage Publications _c2009 |
||
| 300 | _a107p. | ||
| 690 | _aMinority executives; Women executives; Discrimination in employment; Diversity in the workplace | ||
| 700 | _aSwan, Elaine | ||
| 942 |
_2ddc _cBK |
||
| 999 |
_c934 _d934 |
||